Γεωπολιτική των υδάτων στη Μ. Ανατολή : αραβικές χώρες-Ισραήλ-Τουρκία

Αποθηκεύτηκε σε:
Λεπτομέρειες βιβλιογραφικής εγγραφής
Κύριος συγγραφέας: Μάζης, Ιωάννης Θ.
Μορφή: Βιβλίο
Γλώσσα:Greek
Δημοσίευση: Αθήνα : Τροχαλία, 1996.
Θέματα:
Ετικέτες: Προσθήκη ετικέτας
Δεν υπάρχουν, Καταχωρήστε ετικέτα πρώτοι!

MARC

LEADER 00000cam a2200000 i 4500
001 1/83514
008 990603s1996 gr | ||| |||| ||gre||
020 |a 9607022742 
035 |l 10051366 
040 |a GR-MY-UA  |b gre  |e aacr 
041 0 |a gre 
082 7 |a 333.910956   |2 (22) 
100 1 |a Μάζης, Ιωάννης Θ. 
245 1 0 |a Γεωπολιτική των υδάτων στη Μ. Ανατολή :   |b αραβικές χώρες-Ισραήλ-Τουρκία /   |c Ι. Θ. Μάζης.  
260 |a Αθήνα :   |b Τροχαλία,   |c 1996.  
300 |a 421 σ. :   |b χάρτ. ;   |c 24 εκ.  
504 |a Βιβλιογραφία: σ. 401-412. Ευρετήριο: σ. 413-421.  
650 0 0 |a Water resources development  |z Middle East. 
650 0 0 |a Geopolitics  |z Middle East. 
852 |a INST  |b LESVOS  |e 19990603  |h 333.910956 ΜΑΖ  |p 005100015959  |q 005100015959  |t BK  |y 0 
909 |a Λ  |b 065953 
970 |z 2000/06